000 01909cam a2200325Ia 4500
001 6161209
003 ARRUPE
005 20141028020007.0
008 070413s2007 enk 001 0 eng d
020 _a9780334040026
020 _a0334040027
035 _a(OCoLC)ocn132743942
035 _a(OCoLC)ocm132743942
035 _a(NNC)6161209
040 _aEMT
_cEMT
_dYDXCP
050 4 _aBV4460.7
_bR332 2007
100 _aGill, Robin
_93347
245 0 0 _aReflecting theologically on AIDS :
_ba global challenge /
_cedited by Robin Gill.
260 _aLondon :
_bSCM Press,
_c2007.
300 _ax, 208 p. ;
_c22 cm.
504 _aIncludes bibliographical references and indexes.
505 0 0 _tThe Windhoek report: HIV- and AIDS-related stigma-- a framework for theological reflection --
_tThe human and pastoral challenges of HIV and AIDS /
_rRobert J. Vitillo --
_tTheology in a time of AIDS /
_rEnda McDonagh --
_tAIDS and responsibility /
_rCharles Ryan --
_tThe church, homosexuality and AIDS /
_rGareth Moore --
_tJesus, prophecy and AIDS /
_rMusa W. Dube --
_tAIDS, leprosy and the synoptic Jesus /
_rRobin Gill --
_tAIDS and theological education /
_rDenise Ackermann --
_tEvangelicals and AIDS /
_rStan Nussbaum --
_tThe Yale Divinity School Women's Initiative on AIDS /
_rMargaret A. Farley --
_tCounselling AIDS patients: Job as a paradigm /
_rGunther H. Wittenberg --
_tBioethics, AIDS, theology and social change /
_rLisa Sowle Cahill --
_tAIDS prevention and the lesser good /
_rLeonard M. Martin --
_tAIDS and a casuistry of accomodation /
_rJames F. Keenan.
650 0 _aAIDS (Disease)
_xReligious aspects
_xChristianity
_vCongresses.
_93348
650 0 _aHIV (Viruses)
_xReligious aspects
_xChristianity
_vCongresses.
_93349
700 1 _aGill, Robin.
_93350
710 2 _aJoint United Nations Programme on HIV/AIDS.
_93351
942 _2lcc
_cMONOGRAPH
_01
948 1 _a20070601
_bc
_crad1
_dMPS
999 _c118533
_d118533